Statistiques concernant Personnages de Harry Potter par lettre - F

Cliquez ici pour prendre le quiz!

Statistiques générales

  • Ce quiz a été pris 482 fois
    (254 depuis la dernière actualisation)
  • Le résultat moyen est 6 sur 10

Statistiques - réponses

IndicePersonnage% Correct
Un des jumeaux WeasleyFred Weasley
99%
Elle représente Beauxbâtons au Tournoi des Trois SorciersFleur Delacour
96%
Vieux sorcier minuscule qui enseigne les sortilègesFilius Flitwick
87%
Centaure et professeur de divinationFirenze
72%
Loup-garou qui a mordu Remus LupinFenrir Greyback
65%
Une de ses plumes se trouve dans la baguette de Harry et dans celle de VoldemortFumseck
64%
Père de Neville LondubatFrank Londubat
62%
Marchand de glaces sur le Chemin de TraverseFlorian Fortarôme
33%
Un des deux frères de Molly WeasleyFabian Prewett
30%
Géante et mère de Rubeus HagridFridluva
11%

Distribution des résultats

Percentile par nombre de réponses

% des personnes avec chaque résultat

Votre développement - résultats

Vous n’avez pas pris ce quiz depuis la dernière actualisation